000 00297nam a22001337a 4500
008 170227b xxu||||| |||| 00| 0 eng d
020 _a9781572599314
041 _aeng
080 _23 ED
_a577
100 _a5
101 _aSHMB
245 _aPRINCIPLES BIOCHEMISTRY
_cNELSON.D.L
942 _2udc
_cBK
999 _c6359
_d6359